Classical literary criticism / (Record no. 1895)
[ view plain ]
| 000 -LEADER | |
|---|---|
| fixed length control field | 01070cam a2200301 a 4500 |
| 001 - CONTROL NUMBER | |
| control field | 12566710 |
| 005 - DATE AND TIME OF LATEST TRANSACTION | |
| control field | 20260424131316.0 |
| 008 - FIXED-LENGTH DATA ELEMENTS--GENERAL INFORMATION | |
| fixed length control field | 011017s2000 enk b 000 0 eng |
| 020 ## - INTERNATIONAL STANDARD BOOK NUMBER | |
| International Standard Book Number | 0140446516 |
| 020 ## - INTERNATIONAL STANDARD BOOK NUMBER | |
| International Standard Book Number | 9780140446517 |
| 041 1# - LANGUAGE CODE | |
| Language code of text/sound track or separate title | eng |
| Language code of original | grclat |
| 050 00 - LIBRARY OF CONGRESS CALL NUMBER | |
| Classification number | PN1040 |
| Item number | .D6 2000 |
| 082 00 - DEWEY DECIMAL CLASSIFICATION NUMBER | |
| Classification number | 801/.95/09014 |
| Edition information | 21 |
| 245 00 - TITLE STATEMENT | |
| Title | Classical literary criticism / |
| Statement of responsibility, etc. | translated by Penelope Murray and T.S. Dorsch ; with an introduction and notes by Penelope Murray. |
| 250 ## - EDITION STATEMENT | |
| Edition statement | [New ed.]. |
| 260 ## - PUBLICATION, DISTRIBUTION, ETC. | |
| Place of publication, distribution, etc. | London ; |
| -- | New York : |
| Name of publisher, distributor, etc. | Penguin Books, |
| Date of publication, distribution, etc. | 2000. |
| 300 ## - PHYSICAL DESCRIPTION | |
| Extent | lxiv, 187 p. |
| Dimensions | 20 cm. |
| 440 #0 - SERIES STATEMENT/ADDED ENTRY--TITLE | |
| Title | Penguin classics |
| 500 ## - GENERAL NOTE | |
| General note | INCLUDES NOTES |
| 650 #0 - SUBJECT ADDED ENTRY--TOPICAL TERM | |
| Topical term or geographic name entry element | Poetry |
| Form subdivision | Early works to 1800. |
| 650 #0 - SUBJECT ADDED ENTRY--TOPICAL TERM | |
| Topical term or geographic name entry element | Aesthetics |
| Form subdivision | Early works to 1800. |
| 650 #0 - SUBJECT ADDED ENTRY--TOPICAL TERM | |
| Topical term or geographic name entry element | Rhetoric, Ancient. |
| 700 1# - ADDED ENTRY--PERSONAL NAME | |
| Personal name | Murray, Penelope. |
| 700 1# - ADDED ENTRY--PERSONAL NAME | |
| Personal name | Dorsch, T. S. |
| 856 42 - ELECTRONIC LOCATION AND ACCESS | |
| Materials specified | Publisher description |
| Uniform Resource Identifier | <a href="http://www.loc.gov/catdir/enhancements/fy1203/2001278721-d.html">http://www.loc.gov/catdir/enhancements/fy1203/2001278721-d.html</a> |
| 856 41 - ELECTRONIC LOCATION AND ACCESS | |
| Materials specified | Table of contents only |
| Uniform Resource Identifier | <a href="http://www.loc.gov/catdir/enhancements/fy1203/2001278721-t.html">http://www.loc.gov/catdir/enhancements/fy1203/2001278721-t.html</a> |
| 942 ## - ADDED ENTRY ELEMENTS (KOHA) | |
| Source of classification or shelving scheme | Library of Congress Classification |
| Koha item type | Books |
| Suppress in OPAC | No |
| 999 ## - | |
| -- | 1895 |
| -- | 1895 |
| Withdrawn status | Lost status | Source of classification or shelving scheme | Damaged status | Not for loan | Collection | Home library | Current library | Shelving location | Date acquired | Total checkouts | Full call number | Barcode | Date last seen | Copy number | Price effective from | Koha item type |
|---|---|---|---|---|---|---|---|---|---|---|---|---|---|---|---|---|
| Library of Congress Classification | Non-fiction | Business Library (Miotso) | Business Library (Miotso) | General stacks | 03/27/2026 | PN1040 .D6 CLA | BSSM00003753 | 04/24/2026 | 2 | 03/27/2026 | Books | |||||
| Library of Congress Classification | Non-fiction | Business Library (Miotso) | Business Library (Miotso) | General stacks | 03/27/2026 | PN1040 .D6 CLA | BSSM00003754 | 04/24/2026 | 3 | 03/27/2026 | Books | |||||
| Library of Congress Classification | Non-fiction | Business Library (Miotso) | Business Library (Miotso) | General stacks | 03/27/2026 | PN1040 .D6 CLA | BSSM00003755 | 04/24/2026 | 4 | 03/27/2026 | Books | |||||
| Library of Congress Classification | Fiction | Undergraduate Library (Christ Temple) | Undergraduate Library (Christ Temple) | General stacks | 12/02/2024 | PN 1040.D6 CLA | ulct00000472 | 12/02/2024 | 1 | 12/02/2024 | Books |